| 000 | 00981nam a22002657a 4500 | ||
|---|---|---|---|
| 999 |
_c20658 _d20658 |
||
| 005 | 20191226101856.0 | ||
| 008 | 191226b xxu||||| |||| 00| 0 spa d | ||
| 020 | _a9789589386828 | ||
| 040 |
_aCO-BoIAVH _cCO-BoIAVH |
||
| 041 | _aspa | ||
| 044 | _ack | ||
| 082 |
_a595.76 _bG44e |
||
| 100 | _aGiraldo Echeverri Carolina | ||
| 245 |
_aEscarabajos del estiércol en paisajes ganaderos de Colombia _cCarolina Giraldo Echeverri, Santiago Montoya Molina y Federico Escobar Sarria |
||
| 260 |
_aCali, _bCIPAV, _c2018. |
||
| 300 |
_a146 páginas _bIlustraciones y fotografías _c21.5 x 16.7cm |
||
| 650 | 0 |
_aEscarabajos del estiércol _xBiogeografía |
|
| 650 | 0 | _aGanadería sostenible | |
| 650 | 0 | _aSistemas silvopastoriles | |
| 650 | 0 | _aConservación de ecosistemas | |
| 650 | 0 | _aGanadería sostenible | |
| 700 |
_aMontoya Molina Santiago _eAutor |
||
| 700 |
_aEscobar Sarria Federico _eAutor |
||
| 942 |
_2ddc _cLIBRO |
||